Statistiche per Riconosci lo Stato - Quiz n°3

Clicka qui per fare il quiz!

Statistiche generali

  • Questo quiz è stato fatto 28 volte
  • Il punteggio medio è 10 su 12

Statistiche sulle risposte

IndizioRisposta% Corretto
Popolazione460 345 ab.
92%
Iniziale della CapitaleB
92%
ValutaDollaro del ******
92%
Fuso OrarioUTC+8
88%
Indipendenza1º gennaio 1984 dal Regno Unito
84%
Superficie5 770 km²
84%
SultanoHassanal Bolkiah
84%
PIL (nominale)16 952 milioni di $ (2012)
76%
Forma di GovernoMonarchia assoluta di carattere islamico (Sultanato)
76%
ISU0,829
72%
Tasso di crescita1,691%
68%
RispostaBrunei
60%

Distribuzione punteggi

Percentile per numero di risposta

Percentuale di utenti per punteggio

I tuoi punteggi nel tempo

Non hai fatto questo quiz